| 000 | 00609nam a2200193Ia 4500 | ||
|---|---|---|---|
| 005 | 20250507130317.0 | ||
| 008 | 008 250505s9999 xx 000 0 eng d | ||
| 037 | _aSeries Article | ||
| 040 |
_aEASL _beng _cEASL |
||
| 041 |
_aeng _2eng |
||
| 084 | _qEASL | ||
| 100 |
_aFerrari Rossella _9674605 |
||
| 245 | 0 | _aDisenchanted presents, haunted pasts, and dystopian futures: Deferred millennialism in the cinema of Meng Jinghui | |
| 260 |
_aLondon _bLondon Routledge _c2011 |
||
| 300 | _a699-721 pp. | ||
| 650 |
_aChina; China - Cinema _9755149 |
||
| 942 | _cSRA | ||
| 999 |
_c1318916 _d1318916 |
||